| 000 | 01411nam a2200289Ia 4500 | ||
|---|---|---|---|
| 999 |
_c38592 _d38592 |
||
| 001 | 4709 | ||
| 003 | GE_BSU | ||
| 005 | 20190731115300.0 | ||
| 008 | 181216s2008||||ge |||||||||||||| ||geo|| | ||
| 020 | _a9789941903502 | ||
| 040 | _cGE_BSU | ||
| 041 | _ageo | ||
| 080 | _a581.55 კ–49 | ||
| 100 |
_aკიორნერი, ქრისტიან _93354 |
||
| 245 |
_aალპურ მცენარეთა ეკოლოგია : _cქრისტიან კიორნერი ; მთარგმნ. : თ. გამყრელიძე და სხვ. ; რედ. : ო. აბდალაძე, გ. ნახუცრიშვილი |
||
| 250 | _aპირველი ქართული გამოცემა | ||
| 264 |
_aთბილისი : _bილია ჭავჭავაძის უნ–ტის გამ–ბა ; _c2008. |
||
| 300 |
_a342 გვ. : _bილ. ; _c25 სმ. |
||
| 504 | _aბიბლ. : გვ. 321–357 | ||
| 541 | _h43 ლ. 40 თ. | ||
| 653 | _aალპურ მცენარეთა ეკოლოგია | ||
| 653 | _aეკოლოგია | ||
| 700 |
_aგამრელიძე, თ. _eმთარგმნელი _93355 |
||
| 700 |
_aაბდალაძე, ო. _eრედაქტორი _93356 |
||
| 700 |
_aგიგაური, მ. _eრედაქტორი _93357 |
||
| 942 |
_cBK _2udc |
||